[Event "MK Cafe op-A"]
[Site "Koszalin"]
[Date "1997.08.03"]
[Round "1"]
[White "Macieja, Bartlomiej"]
[Black "Gratka, Krzysztof"]
[Result "1-0"]
[WhiteElo "2470"]
[BlackElo "2265"]

1.e4 c5 2.Nf3 e6 3.d4 cxd4 4.Nxd4 a6 5.Bd3 Nf6 6.O-O d6 7.c4 Be7 8.Nc3 O-O
9.Be3 Nbd7 10.f4 Qc7 11.g4 Nc5 12.Bc2 d5 13.exd5 exd5 14.g5 Ng4 15.Nxd5 Nxe3
16.Bxh7+ Kxh7 17.Qh5+ Kg8 18.Nxc7 Bg4 19.Qh4 Ne4 20.Nd5 Nxd5 21.cxd5 Bc5
22.Qxg4 Bxd4+ 23.Kg2 Rfe8 24.Rad1 Bc5 25.g6 Nf6 26.Qf5 Re2+ 27.Kh1 fxg6 28.Qd3 Rae8
29.d6 Nd7 30.Qb3+  1-0

[Event "MK Cafe op-A"]
[Site "Koszalin"]
[Date "1997.08.04"]
[Round "3"]
[White "Janocha, Wieslaw"]
[Black "Gratka, Krzysztof"]
[Result "1/2-1/2"]
[WhiteElo "2375"]
[BlackElo "2265"]

1.e4 c5 2.Nf3 e6 3.d4 cxd4 4.Nxd4 a6 5.Bd3 Nf6 6.O-O d6 7.c4 Be7 8.Nc3 O-O
9.Qe2 b6 10.f4 Bb7 11.Be3 Nbd7 12.Nb3 Re8 13.Rad1 Qc7 14.g4 Nc5 15.Nxc5 bxc5
16.g5 Nd7 17.Rf3 g6 18.Rh3 Nf8 19.Qg4 f5 20.exf5 gxf5 21.Qh5 Bc6 22.Kf2 Bd8
23.g6 Nxg6 24.Rg1 Qg7 25.Rhg3 Kf7 26.Kf1 Rg8 27.Rh3 Rh8 28.Rhg3 Bf6 29.Nd1 Bxb2
30.Nxb2 Qxb2 31.Be2 Qf6 32.Kf2 Rab8 33.Qh6 Rb7 34.Rd1 e5 35.fxe5 Qxe5 36.Bh5 Qf6
37.Rd2 Rb2 38.Qf4 Rhb8 39.Qh6 Qg7 40.Qf4 Qe5 41.Qh4 Rxd2+ 42.Bxd2 Rb2 43.Bxg6+ hxg6
44.Qh7+ Qg7 45.Qxg7+ Kxg7 46.Rd3 Rxa2 47.Rxd6 Be4 48.Kg3 Ra3+ 49.Kf4 Rd3
50.Ke5 Rh3 51.Rd7+ Kg8 52.Bg5 Rxh2 53.Rd8+ Kf7 54.Rd7+ Kg8 55.Ke6 Rh7 56.Rd8+ Kg7
57.Rd7+ Kg8  1/2-1/2

[Event "MK Cafe op-A"]
[Site "Koszalin"]
[Date "1997.08.04"]
[Round "3"]
[White "Tseshkovsky, Vitaly"]
[Black "Prokopchuk, Evgeny"]
[Result "1/2-1/2"]
[WhiteElo "2500"]
[BlackElo "2475"]

1.e4 c5 2.Nf3 e6 3.d4 cxd4 4.Nxd4 a6 5.Bd3 Nf6 6.O-O d6 7.f4 Nbd7 8.Kh1 g6
9.Nd2 Bg7 10.f5 e5 11.N4b3 O-O 12.fxg6 hxg6 13.Nc4 Qc7 14.Bg5 b5 15.Ne3 Bb7
16.Nd2 d5 17.exd5 Nxd5 18.Nxd5 Bxd5 19.Be4 Bxe4 20.Nxe4 Qc6 21.Be7 Qxe4 22.Qxd7 Rfb8
23.Rxf7 Kxf7 24.Rf1+ Kg8 25.Qe6+ Kh7 26.Qh3+ Kg8  1/2-1/2

[Event "BCF-ch"]
[Site "Hove"]
[Date "1997.08.05"]
[Round "2"]
[White "Coleman, David"]
[Black "Rowson, Jonathan"]
[Result "0-1"]
[WhiteElo "2230"]
[BlackElo "2490"]

1.e4 c5 2.Nf3 e6 3.d4 cxd4 4.Nxd4 a6 5.Bd3 Qb6 6.Nf3 d6 7.O-O Nf6 8.Nbd2 Qc7
9.b3 Be7 10.Bb2 Nbd7 11.c4 O-O 12.Qe2 Nh5 13.g3 Bf6 14.e5 dxe5 15.Rae1 g6
16.Ne4 Be7 17.Neg5 Ng7 18.Qe3 f6 19.Nh3 Nc5 20.Bc2 a5 21.g4 e4 22.Qh6 e5
23.Bxe4 Nxe4 24.Rxe4 Ra6 25.Rd1 g5 26.Ne1 Rd8 27.Rxd8+ Qxd8 28.Nxg5 fxg5
29.Qh3 Bf6 30.Qe3 Re6 31.Nd3 b6 32.f3 Bb7  0-1

[Event "BCF-ch"]
[Site "Hove"]
[Date "1997.08.06"]
[Round "3"]
[White "Hunt, Harriet"]
[Black "Jackson, Oliver"]
[Result "1-0"]
[WhiteElo "2360"]
[BlackElo "2230"]

1.e4 c5 2.Nf3 e6 3.d4 cxd4 4.Nxd4 a6 5.Bd3 Nf6 6.O-O Qc7 7.Qe2 d6 8.c4 Be7
9.Nc3 O-O 10.Kh1 b6 11.f4 Nbd7 12.Bd2 Bb7 13.Rae1 Rad8 14.f5 e5 15.Nf3 Rfe8
16.Rc1 Qb8 17.a4 Nc5 18.Bc2 a5 19.Rg1 Qa8 20.Rce1 Nh5 21.g3 g6 22.Ng5 Ng7
23.g4 f6 24.Nf3 Kf7 25.fxg6+ hxg6 26.Nd5 Qb8 27.Ref1 Nge6 28.g5 Bxd5 29.cxd5 Nf8
30.gxf6 Bxf6 31.Ng5+ Kg7 32.Rxf6 Kxf6 33.Qf3+ Kg7 34.Qf7+ Kh8 35.Rg4  1-0

[Event "Montecatini Terme op"]
[Site "Montecatini Terme"]
[Date "1997.08.07"]
[Round "7"]
[White "Jurkovic, Ante"]
[Black "Rossi, Giampiero"]
[Result "1-0"]
[WhiteElo "2335"]
[BlackElo "2150"]

1.e4 c5 2.Nf3 e6 3.d4 cxd4 4.Nxd4 a6 5.Bd3 Nc6 6.Nxc6 dxc6 7.Nd2 e5 8.Nc4 Ne7
9.Be3 Ng6 10.O-O Be6 11.Qh5 Bxc4 12.Bxc4 Be7 13.Rad1 Qc7 14.Qf5 Bf6 15.Bb6 Qc8
16.Qf3 O-O 17.Rfe1 Nf4 18.Re3 Ne6 19.Qf5 Re8 20.Rg3 Kh8 21.Rgd3 Re7 22.Rd6 Qe8
23.c3 Kg8 24.R1d3 Rb8 25.Rg3 Kh8 26.a4 Ra8 27.a5 Rb8 28.h4 Bxh4 29.Rh3 g5
30.Qf6+ Kg8 31.Rhd3 Bxf2+ 32.Kxf2  1-0

[Event "Budapest FS08 GM"]
[Site "Budapest"]
[Date "1997.08.10"]
[Round "9"]
[White "Madl, Ildiko"]
[Black "Arnold, Lothar"]
[Result "1-0"]
[WhiteElo "2375"]
[BlackElo "2350"]

1.e4 c5 2.Nf3 e6 3.d4 cxd4 4.Nxd4 a6 5.Bd3 Bc5 6.Nb3 Ba7 7.Qe2 Nc6 8.Be3 d6
9.Nc3 Nf6 10.O-O-O b5 11.g4 b4 12.Na4 O-O 13.g5 Nd7 14.h4 Bb7 15.g6 fxg6
16.Bc4 Bxe3+ 17.Qxe3 Qe7 18.f4 Kh8 19.Rhf1 d5 20.Bd3 e5 21.exd5 exf4 22.Qe4 Nce5
23.Kb1 Qf7 24.c4 bxc3 25.Nxc3 Nxd3 26.Qxd3 a5 27.Qd4 Qf5+ 28.Ka1 Ba6 29.Rf2 a4
30.Nxa4 Ne5 31.Nac5 Ng4 32.Ne6 Qe5 33.Qxe5 Nxe5 34.Nxf8 Rxf8 35.Nd4 Ng4 36.Rf3 Ne5
37.Ra3 Bb7 38.Ne6 Rf7 39.Ng5 Rf8 40.Ra7 Bc8 41.Ne6 Bxe6 42.dxe6 Kg8 43.Rf1 f3
44.b4 h6 45.b5 Rb8 46.b6 g5 47.hxg5 hxg5 48.b7 g4 49.Ra8 Nc6 50.Rxb8+ Nxb8
51.Kb2 Kf8 52.Kc3 Ke7 53.Kd3 Kxe6 54.Ke3 Kd6 55.Rc1  1-0

[Event "MK Cafe op-A"]
[Site "Koszalin"]
[Date "1997.08.11"]
[Round "10"]
[White "Brustman, Agnieszka"]
[Black "Gratka, Krzysztof"]
[Result "0-1"]
[WhiteElo "2380"]
[BlackElo "2265"]

1.e4 c5 2.Nf3 e6 3.d4 cxd4 4.Nxd4 a6 5.Bd3 Nf6 6.O-O d6 7.c4 Be7 8.Nc3 O-O
9.Qe2 Bd7 10.f4 Nc6 11.Nf3 e5 12.f5 Nd4 13.Qf2 Nxf3+ 14.Qxf3 b5 15.Kh1 Rb8
16.Qe2 Qa5 17.Bg5 Bc6 18.a3 Rfc8 19.Rac1 b4 20.axb4 Qxb4 21.Rc2 h6 22.Bh4 Bd8
23.Rg1 Kf8 24.Ra1 Ra8 25.Na2 Qb3 26.Rc3 Qb8 27.b4 a5 28.b5 Bb7 29.Ra3 Bb6
30.Bxf6 gxf6 31.Qd2 Qc7 32.Nc3 Bc5 33.Ra4 Ke7 34.Ne2 Bb4 35.Qe3 Qc5 36.Qf3 h5
37.h3 h4 38.Rd1 Rg8 39.Rc1 Rg5 40.Rc2 Rag8 41.Nc1 Rg3 42.Qf2 Qe3 43.Raa2 Rxh3+
44.gxh3 Qxh3+ 45.Qh2 Qf3+ 46.Rg2 h3 47.Rf2 hxg2+ 48.Qxg2 Qh5+ 49.Qh2 Qd1+  0-1

[Event "ISL-ch"]
[Site "Akureyri"]
[Date "1997.09.09"]
[Round "1"]
[White "Thorhallsson, Gylfi"]
[Black "Vidarsson, Jon G"]
[Result "1/2-1/2"]
[WhiteElo "2330"]
[BlackElo "2380"]

1.e4 c5 2.Nf3 e6 3.d4 cxd4 4.Nxd4 a6 5.Bd3 Nf6 6.O-O d6 7.c4 Be7 8.Nc3 O-O
9.Re1 Nc6 10.Nxc6 bxc6 11.e5 dxe5 12.Rxe5 Qd6 13.Re1 e5 14.Bg5 Rd8 15.Be2 h6
16.Qxd6 Rxd6 17.Be3 Rd8 18.Bf3 Rb8 19.b3 Bb4 20.Red1 Bg4 21.Ne4 Bxf3 22.Nxf6+ gxf6
23.gxf3 Kg7 24.Kf1 f5 25.Ke2 f4 26.Bd2 Bxd2 27.Rxd2 Kf6 28.Rad1 Rxd2+ 29.Rxd2 Ke7
30.Kd3  1/2-1/2

[Event "POL-chT"]
[Site "Krynica"]
[Date "1997.09.26"]
[Round "2"]
[White "Dobrowolski, Piotr"]
[Black "Ostrowski, Leszek"]
[Result "1-0"]
[WhiteElo "2395"]
[BlackElo "2360"]

1.e4 c5 2.Nf3 e6 3.d4 cxd4 4.Nxd4 a6 5.Bd3 Qb6 6.Nb3 Qc7 7.c4 Nf6 8.O-O d6
9.f4 Nbd7 10.Nc3 b6 11.Qe2 Bb7 12.Bd2 Be7 13.Rae1 Rd8 14.Rf3 O-O 15.Rh3 g6
16.e5 dxe5 17.fxe5 Ne8 18.Kh1 Ng7 19.Bf4 Nc5 20.Nxc5 bxc5 21.Be4 Rd4 22.Bxb7 Qxb7
23.Be3 Rd7 24.Bh6 Rfd8 25.Bxg7 Kxg7 26.Qe3 h5 27.b3 Rd4 28.Rf3 Bh4 29.Ref1 R8d7
30.h3 Bd8 31.Na4 Qc7 32.Nc3 Bh4 33.Qe2 Bg5 34.Na4 Rd2 35.Qe1 Rxa2 36.Qg3 Bh6
37.Nc3 h4 38.Qxh4 Rc2 39.Ne4 Qxe5 40.Nf6 Rdd2 41.Ne8+ Kf8 42.Rxf7+ Kg8 43.Nf6+  1-0

[Event "ESP-ch"]
[Site "Torrevieja"]
[Date "1997.09.29"]
[Round "1"]
[White "Fernandez Garcia, Jose L"]
[Black "Serrano Marhuenda, Salvador"]
[Result "1-0"]
[WhiteElo "2465"]
[BlackElo "2185"]

1.e4 c5 2.Nf3 e6 3.d4 cxd4 4.Nxd4 a6 5.Bd3 Nc6 6.Nxc6 dxc6 7.Nd2 e5 8.Qh5 Bd6
9.Nc4 Nf6 10.Nxd6+ Qxd6 11.Qh4 O-O 12.O-O Re8 13.a4 Be6 14.a5 c5 15.Be2 Qc6
16.f3 Nd7 17.Be3 c4 18.Rfd1 Nf8 19.Qe1 Red8 20.Qb4 Rac8 21.Qe7 Re8 22.Qd6 Ng6
23.Qxc6 Rxc6 24.Ra4 Nf4 25.Bf1 c3 26.b3 h6 27.Rb4 Rc7 28.Kf2 f5 29.Rd6 fxe4
30.Bxf4 exf4 31.Rxe4 Bf7 32.Rxe8+ Bxe8 33.Bc4+ Kf8 34.Rd4 g5 35.Bd3 Bf7 36.b4 Ke7
37.Be4 Be8 38.h4 Bb5 39.hxg5 hxg5 40.Rd5 Rc4 41.Rxg5 Rxb4 42.Rc5 Rb1 43.g3 fxg3+
44.Kxg3 Ra1 45.Rxc3 Rxa5 46.Bxb7 Ra4 47.Kf2 Kd6 48.Ke3 a5 49.Be4 Ra1 50.Rc8 Bd7
51.Rd8 Kc7 52.Ra8 a4 53.Kd4 Rb1 54.c4 Rd1+ 55.Kc5 Rh1 56.Ra7+ Kd8 57.Bd5 Rh6
58.Kd4 Rh4+ 59.Be4 Rh1 60.Ke5 Rh5+ 61.Kd4 Rh1 62.c5 Rh6 63.f4 Rf6 64.f5 Rf8
65.Ra8+ Ke7 66.Rxf8 Kxf8 67.c6 Bc8 68.Ke5  1-0

[Event "Loures"]
[Site "Loures"]
[Date "1997.10.24"]
[Round "4"]
[White "Santos, Carlos P"]
[Black "Guerra, Victor"]
[Result "1-0"]
[WhiteElo "2355"]
[BlackElo "2130"]

1.e4 c5 2.Nf3 e6 3.d4 cxd4 4.Nxd4 a6 5.Bd3 Qc7 6.O-O Nc6 7.Be3 Nf6 8.Nc3 Be7
9.f4 Bc5 10.e5 Nxe5 11.fxe5 Qxe5 12.Kh1 Bxd4 13.Bxd4 Qxd4 14.Qd2 Qc5 15.Rae1 h6
16.Re3 d5 17.Rg3 Nh5 18.Rgf3 Nf6 19.Qe2 Bd7 20.Rg3 Kf8 21.Qe5 Qe7 22.Rxg7 Kxg7
23.Nxd5 Qd8 24.Nxf6 Kf8 25.Nxd7+ Ke7 26.Qc5+ Kxd7 27.Rxf7+ Ke8 28.Bg6 Qd1+
29.Rf1+  1-0

[Event "Copa Itau Mercosul"]
[Site "Sao Paulo"]
[Date "1997.10.25"]
[Round "8"]
[White "Tsuboi, Edson Kenji"]
[Black "Cajal, Andre"]
[Result "1-0"]
[WhiteElo "2345"]
[BlackElo "2180"]

1.e4 c5 2.Nf3 e6 3.d4 cxd4 4.Nxd4 a6 5.Bd3 g6 6.O-O Bg7 7.Be3 Ne7 8.c4 d5
9.exd5 exd5 10.Nc3 O-O 11.Rc1 dxc4 12.Bxc4 b5 13.Qf3 Bxd4 14.Qxa8 Bxe3 15.fxe3 Nbc6
16.Bd5 Qb6 17.Bxc6 Bd7 18.Qxf8+ Kxf8 19.Bxd7 Qxe3+ 20.Kh1 f5 21.Rcd1 Qc5
22.Be6 Kg7 23.Bb3 a5 24.Rfe1 Kh6 25.Nd5 Nc6 26.Nf4 a4 27.Bd5 Nb4 28.a3 Nc2
29.Rc1 Qf2 30.Re2 Qxf4 31.Rexc2 b4 32.axb4 Qxb4 33.h3 a3 34.bxa3 Qxa3 35.Bg8 Kg7
36.Rc8 h6 37.Bd5 Qd3 38.R8c7+ Kf6 39.R7c6+ Ke5 40.Bf3 g5 41.Kh2 Qd8 42.Re1+  1-0

[Event "Hilversum-ch"]
[Site "Hilversum"]
[Date "1997.11.13"]
[Round "2"]
[White "Xie Jun"]
[Black "Meulders, Richard"]
[Result "1/2-1/2"]
[WhiteElo "2495"]
[BlackElo "2295"]

1.e4 c5 2.Nf3 e6 3.d4 cxd4 4.Nxd4 a6 5.Bd3 Bc5 6.Nb3 Ba7 7.Nc3 d6 8.Qe2 Nf6
9.Be3 Bxe3 10.Qxe3 b5 11.O-O-O Nbd7 12.g4 Qb6 13.Qg3 Ne5 14.g5 Nh5 15.Qh4 g6
16.Be2 Bb7 17.Nd4 O-O-O 18.Bxh5 gxh5 19.Qxh5 b4 20.Na4 Qa5 21.b3 Bxe4 22.Rhe1 Bb7
23.Kb1 Kb8 24.Qe2 Rc8 25.f4 Ng6 26.Qd2 Ne7 27.f5 e5 28.f6 Nd5 29.Nf5 Rhd8
30.Ne7 Nc3+ 31.Nxc3 bxc3 32.Qe3 Rc5 33.Nf5 Be4 34.Ng3 Bxc2+ 35.Kxc2 Qxa2+
36.Kd3 c2 37.Rc1 Qxb3+ 38.Ke2 Rc3 39.Qe4 Rdc8 40.Qxh7 R8c4 41.Qg8+ Ka7 42.Qxf7+ Kb6
43.Qe8 Re3+ 44.Kf2 Rf4+ 45.Kg2 Rxg3+ 46.hxg3 Qf3+ 47.Kh2 Rh4+ 48.gxh4 Qf2+  1/2-1/2

[Event "Bayern-chI Bank Hofmann"]
[Site "Bad Wiessee"]
[Date "1997.11.17"]
[Round "3"]
[White "Xie Jun"]
[Black "Hellmayr, Alois"]
[Result "0-1"]
[WhiteElo "2495"]
[BlackElo "2220"]

1.e4 c5 2.Nf3 e6 3.d4 cxd4 4.Nxd4 a6 5.Bd3 g6 6.O-O Bg7 7.Nf3 Nc6 8.c4 Nge7
9.Nc3 Qc7 10.Bg5 d6 11.Rc1 O-O 12.Qe2 Ne5 13.Rfd1 N7c6 14.Nxe5 Nd4 15.Qe3 dxe5
16.Bf1 b6 17.Ne2 Bb7 18.Nxd4 exd4 19.Rxd4 Bxd4 20.Qxd4 e5 21.Qe3 Qc6 22.b4 f6
23.Bh6 Rf7 24.Rd1 Re8 25.c5 b5 26.Rd6 Qc7 27.Qb3 Kh8 28.c6 Bc8 29.a4 bxa4
30.Qd5 a3 31.Bc1 Kg7 32.Bxa3 Rfe7 33.Qd2 Re6 34.b5 axb5 35.Rxe6 Bxe6 36.Bxb5 Rd8
37.Qb4 Qa7 38.h3 Ra8 39.Bb2 Rb8 40.Bc3 Bf7 41.Qa4 Qc5 42.c7 Qxc7 43.Bd2 Qc5
44.Bd3 Qd6 45.Qa7 Rd8 46.Bc4 Rd7  0-1

[Event "Asker 75th"]
[Site "Asker"]
[Date "1997.11.22"]
[Round "1"]
[White "Rytshagov, Mikhail"]
[Black "Hellsten, Johan"]
[Result "1-0"]
[WhiteElo "2525"]
[BlackElo "2495"]

1.e4 c5 2.Nf3 e6 3.d4 cxd4 4.Nxd4 a6 5.Bd3 Nf6 6.O-O Qc7 7.Qe2 d6 8.c4 Be7
9.Nc3 O-O 10.f4 Nc6 11.Nxc6 bxc6 12.e5 Nd7 13.exd6 Bxd6 14.Ne4 Be7 15.b3 c5
16.Bb2 Bb7 17.f5 exf5 18.Rxf5 g6 19.Raf1 Rae8 20.Qg4 Qd8 21.Bc2 Qb6 22.h4 Bc8
23.Qg3 Qb8 24.Qc3 f6 25.Rd5 Ne5 26.Qg3 Bb7 27.Rd2 Kg7 28.h5 Bxe4 29.Bxe4 Bd6
30.hxg6 Nxg6 31.Rxd6 Rxe4 32.Rfxf6 Rxf6 33.Bxf6+ Kh6 34.Qg5+  1-0

[Event "GER-ch"]
[Site "Gladenbach"]
[Date "1997.11.22"]
[Round "6"]
[White "Lutz, Christopher"]
[Black "Bischoff, Klaus"]
[Result "1/2-1/2"]
[WhiteElo "2590"]
[BlackElo "2535"]

1.e4 c5 2.Nf3 e6 3.d4 cxd4 4.Nxd4 a6 5.Bd3 Ne7 6.O-O Nbc6 7.Nb3 Ng6 8.c4 Be7
9.Nc3 O-O 10.Be3 b6 11.Rc1 Nge5 12.Be2 d6 13.Qd2 Bb7 14.Rfd1 Nd7 15.Nd4 Qb8
16.Rc2 Rd8 17.Rcc1 Qa7  1/2-1/2

[Event "CZE-chT 9798"]
[Site "CZE"]
[Date "1997.12.13"]
[Round "3"]
[White "Kalivoda, Jaroslav"]
[Black "Jurek, Josef"]
[Result "1/2-1/2"]
[WhiteElo "2210"]
[BlackElo "2395"]

1.e4 c5 2.Nf3 e6 3.d4 cxd4 4.Nxd4 a6 5.Bd3 Nc6 6.Nxc6 bxc6 7.O-O d5 8.exd5 cxd5
9.c4 Nf6 10.cxd5 Nxd5 11.Be4 Bd6 12.g3 O-O 13.Qf3 Rb8 14.Nc3 Nxc3 15.Qxc3 Bb7
16.Bxb7 Rxb7 17.Rd1 Qb8 18.Rb1 Rb5 19.Be3 Rc8 20.Qd3 Be5 21.b3 Qa8 22.Rbc1 Rd5
23.Rxc8+ Qxc8 24.Qe2 Rxd1+ 25.Qxd1 h6 26.Qd3 f5 27.a4 Qc6 28.Qd8+ Kf7 29.Qb6 Qxb6
30.Bxb6 Bd6 31.h3 Ke8 32.Kf1 Kd7 33.Ke2 Kc6 34.Bd4 e5 35.Bc3 Kd5 36.f3 h5
37.Be1 e4 38.fxe4+ Kxe4 39.b4 Kd4 40.b5 axb5 41.axb5 Kc5 42.Kf3 Kxb5 43.g4  1/2-1/2

[Event "Cologne op 20"]
[Site "Cologne"]
[Date "1997.12.14"]
[Round "12"]
[White "Lutz, Christopher"]
[Black "Bischoff, Klaus"]
[Result "1/2-1/2"]
[WhiteElo "2590"]
[BlackElo "2535"]

1.e4 c5 2.Nf3 e6 3.d4 cxd4 4.Nxd4 a6 5.Bd3 Nf6 6.O-O d6 7.c4 Bd7 8.Nc3 Nc6
9.Nxc6 Bxc6 10.b3 Be7 11.Bb2 O-O 12.Qe2 Qb8 13.a4 Re8 14.Rae1 Nd7 15.f4 Bh4
16.Rd1 Bf6 17.e5 dxe5 18.Ne4 exf4 19.Nxf6+ Nxf6 20.Be5 Qa7+ 21.Kh1 Qe3 22.Rxf4 Qxe2
23.Bxe2 Rad8 24.Rxd8 Rxd8 25.Rd4 Rxd4 26.Bxd4 Nd7 27.a5 f6 28.b4 Kf7 29.Kg1 Ke7
30.g4 Kd6 31.Kf2 h6 32.h4 Bh1 33.h5 Bc6 34.Ke3 Bh1 35.Kf2  1/2-1/2

[Event "CZE-chT 9798"]
[Site "CZE"]
[Date "1997.12.14"]
[Round "4"]
[White "Svatos, Jan"]
[Black "Votava, Jan"]
[Result "0-1"]
[WhiteElo "2355"]
[BlackElo "2505"]

1.e4 c5 2.Nf3 e6 3.d4 cxd4 4.Nxd4 a6 5.Bd3 Nf6 6.O-O d6 7.Be3 Be7 8.c4 O-O
9.Nc3 Bd7 10.Rc1 Nc6 11.f4 Nxd4 12.Bxd4 e5 13.fxe5 dxe5 14.Bxe5 Bc5+ 15.Kh1 Ng4
16.Bf4 Nf2+ 17.Rxf2 Bxf2 18.Nd5 Be6 19.Qf3 Bh4 20.e5 Rc8 21.g3 Bxd5 22.cxd5 Rxc1+
23.Bxc1 Bg5 24.Qe4 g6 25.Bf4 Bxf4 26.gxf4 Qb6 27.e6 fxe6 28.dxe6 Qxb2 29.Bc4 Kg7
30.Bb3 Qc1+ 31.Kg2 Qxf4 32.Qxb7+ Kh6 33.Qd5  0-1

[Event "Rishon Le Ziyyon 9798"]
[Site "Rishon Le Ziyyon"]
[Date "1997.12.25"]
[Round "1"]
[White "Rinberg, Alexander"]
[Black "Kogan, Artur"]
[Result "1-0"]
[WhiteElo "2260"]
[BlackElo "2500"]

1.e4 c5 2.Nf3 e6 3.d4 cxd4 4.Nxd4 a6 5.Bd3 b5 6.O-O Bb7 7.a4 b4 8.Nd2 Ne7
9.Qh5 Qc7 10.a5 g6 11.Qh4 Bg7 12.N2f3 h6 13.Bd2 Nbc6 14.c3 g5 15.Qh5 Ng6
16.Nxc6 Bxc6 17.Nd4 Bb7 18.Ra4 bxc3 19.Bxc3 Nf4 20.Qd1 O-O 21.Rc4 Qd8 22.Bb1 d5
23.Rb4 Rb8 24.e5 Qe7 25.Qc2 Ng6 26.Rb6 Rfc8 27.Rxe6 Qc7 28.Rxg6 fxg6 29.Qxg6 Qxe5
30.Nf5 Rc6 31.Nxh6+  1-0

[Event "Elgoibar"]
[Site "Elgoibar"]
[Date "1997.12.31"]
[Round "5"]
[White "Korneev, Oleg"]
[Black "Sion Castro, Marcelino"]
[Result "1/2-1/2"]
[WhiteElo "2565"]
[BlackElo "2435"]

1.e4 c5 2.Nf3 e6 3.d4 cxd4 4.Nxd4 a6 5.Bd3 d5 6.exd5 Qxd5 7.O-O Nf6 8.Nc3 Qd8
9.Re1 Be7 10.Bf4 O-O 11.h3 Bd7 12.a3 Nc6 13.Nf3 b5 14.Qe2 Qb6 15.Ne4 Nd5
16.Bh2 Nd4 17.Nxd4 Qxd4 18.c3 Qb6 19.Rad1 Rad8 20.Be5 f6 21.Bd4 Qc7 22.Bb1 e5
23.Ng5 fxg5 24.Bxe5 Qb7 25.Be4  1/2-1/2

[Event "Ambasador op"]
[Site "Bern"]
[Date "1997.12.??"]
[Round "2"]
[White "Jost, Sascha"]
[Black "Meyer, Harvey"]
[Result "1/2-1/2"]
[WhiteElo "1876"]
[BlackElo "2075"]

1.e4 c5 2.Nf3 e6 3.d4 cxd4 4.Nxd4 a6 5.Bd3 Nf6 6.O-O d6 7.c4 Bd7 8.Be3 Nc6
9.Nd2 Ne5 10.Qe2 Nxd3 11.Qxd3 Ng4 12.b3 Be7 13.N2f3 Nxe3 14.Qxe3 O-O 15.Rad1 Qc7
16.Rd2 Rfd8 17.Rfd1 Bf6 18.Ne2 Be8 19.Qf4 Be7 20.Rc2 Qc5 21.Rcd2 a5 22.Rd3 a4
23.Qe3 Qxe3 24.Rxe3 axb3 25.axb3 Ra2 26.Nc3 Rb2 27.Rb1 Rxb1+ 28.Nxb1 Ra8
29.Nbd2 Kf8 30.g3 Bf6 31.Rd3 Ra1+ 32.Kg2 Ke7 33.Re3 Kd8 34.Re1 Ra2 35.Re3 Rb2
36.g4 h6 37.Kg3 Kc7 38.h4 Kc6 39.Rd3 g6 40.g5 Bg7 41.e5 dxe5 42.gxh6 Bxh6
43.Nxe5+ Kc7 44.Ne4 Bg7 45.Nf3 Bc6 46.Neg5 Be8 47.Ne4 Bc6  1/2-1/2

[Event "Ambasador op"]
[Site "Bern"]
[Date "1997.12.??"]
[Round "4"]
[White "Gallagher, Joseph G"]
[Black "Meyer, Harvey"]
[Result "1-0"]
[WhiteElo "2521"]
[BlackElo "2075"]

1.e4 c5 2.Nf3 e6 3.d4 cxd4 4.Nxd4 a6 5.Bd3 Nf6 6.O-O d6 7.c4 Bd7 8.Nc3 Nc6
9.Nxc6 Bxc6 10.b3 Be7 11.Bb2 O-O 12.Qe2 Rb8 13.Rfd1 Qc7 14.Rac1 Bd7 15.Kh1 Qc5
16.f4 Bc6 17.Nd5 Bd8 18.b4 Qa7 19.Nxf6+ Bxf6 20.Bxf6 gxf6 21.e5 dxe5 22.Bxh7+ Kh8
23.Qh5 f5 24.Bxf5+  1-0

[Event "Viking op"]
[Site "Aaland-Stockholm"]
[Date "1997.??.??"]
[Round "?"]
[White "Rytshagov, Mikhail"]
[Black "Kveinys, Aloyzas"]
[Result "1-0"]
[WhiteElo "2525"]
[BlackElo "2555"]

1.e4 c5 2.Nf3 e6 3.d4 cxd4 4.Nxd4 a6 5.Bd3 Nf6 6.O-O d6 7.c4 Bd7 8.Nc3 Nc6
9.Nxc6 Bxc6 10.b3 Be7 11.Bb2 Qa5 12.Qe2 Qh5 13.f3 O-O 14.Kh1 Rfe8 15.a4 d5
16.e5 dxc4 17.Bxc4 Nd7 18.Ne4 Bxe4 19.Qxe4 Nc5 20.Qe3 a5 21.Bd4 b6 22.b4 Nd7
23.Bb5 Red8 24.Bxd7 Rxd7 25.b5 Rd5 26.Bxb6 Rxe5 27.Qc3 Bb4 28.Qc6 Rf8 29.Rad1 Qf5
30.Bg1 Re2 31.b6 h5 32.b7 Ba3 33.Qc7 Rb2 34.Bc5 Qg5 35.Rf2  1-0

[Event "Skolernes Skakklub op"]
[Site "Aarhus"]
[Date "1997.??.??"]
[Round "2"]
[White "Dongart, Dennis"]
[Black "Volzhin, Alexander"]
[Result "0-1"]
[WhiteElo "2155"]
[BlackElo "2505"]

1.e4 c5 2.Nf3 e6 3.d4 cxd4 4.Nxd4 a6 5.Bd3 Nf6 6.O-O d6 7.c4 Be7 8.Nc3 Bd7
9.Be3 Nc6 10.Rc1 O-O 11.Nxc6 Bxc6 12.f4 b5 13.e5 dxe5 14.fxe5 Nd7 15.cxb5 axb5
16.Bf4 Qb6+ 17.Kh1 Nc5 18.Bb1 b4 19.Qc2 g6 20.Nd1 f5 21.Be3 Qb7 22.a3 f4
23.Rxf4 Rxf4 24.Bxf4 Rf8 25.Be3 Rf1+ 26.Bg1 Bg5 27.Ne3 Rxc1 28.Qxc1 Bxg2+
29.Nxg2 Bxc1 30.Bxc5 bxa3  0-1

[Event "Arco di Trento op2"]
[Site "Arco di Trento"]
[Date "1997.??.??"]
[Round "5"]
[White "Drei, Andrea"]
[Black "Sulava, Nenad"]
[Result "1-0"]
[WhiteElo "2305"]
[BlackElo "2380"]

1.e4 c5 2.Nf3 e6 3.d4 cxd4 4.Nxd4 a6 5.Bd3 Bc5 6.Nb3 Ba7 7.O-O Ne7 8.c4 O-O
9.Nc3 Nbc6 10.Qe2 e5 11.Be3 Nd4 12.Bxd4 exd4 13.Nd5 Nxd5 14.cxd5 d6 15.Kh1 Qh4
16.Rad1 Bd7 17.Na5 Rab8 18.Rc1 Rfe8 19.Nc4 Rbd8 20.Nxd6 Bg4 21.f3 Rxd6 22.g3 Qh3
23.fxg4 Bb8 24.e5 Rdd8 25.e6 fxe6 26.dxe6 Bd6 27.Rf5 g6 28.Rf7 Bxg3 29.Rf3 Qh6
30.g5 Qxg5 31.Rg1 Qd5 32.Rxg3 Rxe6 33.Qf1 b5 34.b3 Rde8 35.Kg2 Kg7 36.Kf2 Qc5
37.Qh3 Re2+ 38.Bxe2 d3+ 39.Re3 Rf8+ 40.Rf3 dxe2 41.Qd7+ Kh6 42.Qd2  1-0

[Event "Asti op"]
[Site "Asti"]
[Date "1997.??.??"]
[Round "?"]
[White "Canelli, Daniele"]
[Black "Rossi, Giampiero"]
[Result "0-1"]
[WhiteElo "2060"]
[BlackElo "2140"]

1.e4 c5 2.Nf3 e6 3.d4 cxd4 4.Nxd4 a6 5.Bd3 Nc6 6.Be3 Nf6 7.O-O Qc7 8.c3 Ne5
9.Bc2 Neg4 10.e5 Qxe5 11.Nf3 Nxe3 12.Nxe5 Nxd1 13.Rxd1 d5 14.Nd2 Be7 15.Ndf3 O-O
16.Re1 Bd7 17.Rad1 Rfd8 18.Ng5 Be8 19.Rd3 h6 20.Ngf3 Rac8 21.Nd4 Bd6 22.Nef3 b5
23.Bb3 a5 24.g3 Rc7 25.a3 Rb8 26.h3 b4 27.cxb4 axb4 28.a4 Ra7 29.Nb5 Bxb5
30.axb5 Rxb5 31.Nd4 Rb6 32.Rc1 Rc7 33.Ra1 Ne4 34.Nf3 Nc5 35.Re3 Nxb3 36.Rxb3 Rc2
37.Ne1 Rc4 38.Kg2 g6 39.Nd3 e5 40.Ne1 Kg7 41.Kf1 Bc5 42.Kg2 e4 43.f3 f5 44.h4 d4
45.fxe4 fxe4 46.Kh3 d3 47.Ra7+ Kf6 48.Nxd3 exd3 49.Rxd3 Ke5 50.Rf7 Rf6 51.Rc7 h5
52.Rd1 Rc2 53.Rc8 Rff2 54.Re8+ Kf6 55.g4  0-1

[Event "Asti op"]
[Site "Asti"]
[Date "1997.??.??"]
[Round "?"]
[White "Dutreeuw, Marc"]
[Black "Rossi, Giampiero"]
[Result "1-0"]
[WhiteElo "2395"]
[BlackElo "2140"]

1.e4 c5 2.Nf3 e6 3.d4 cxd4 4.Nxd4 a6 5.Bd3 Nc6 6.Nxc6 dxc6 7.Be3 e5 8.Nd2 Bd6
9.Qe2 Nf6 10.f3 O-O 11.O-O Qe7 12.Qf2 Be6 13.Nc4 Bxc4 14.Bxc4 Rad8 15.Rfd1 Rfe8
16.c3 Bc7 17.Bc5 Bd6 18.Be3 Bc7 19.b4 Rxd1+ 20.Rxd1 Rd8 21.Ra1 Rd7 22.a4 Qd8
23.a5 Rd1+ 24.Rxd1 Qxd1+ 25.Qf1 Qxf1+ 26.Bxf1 Nd7 27.g3 Kf8 28.h4 Ke7 29.Bh3 Bd6
30.Kf1 c5 31.Bd2 cxb4 32.cxb4 Nb8 33.Bc8 Nc6 34.b5 axb5 35.Bxb7 Kd7 36.a6 Kc7
37.Be3 Nd4 38.Bd5 Kb6 39.Bxf7 Kxa6 40.f4 Ka5 41.f5 b4 42.g4 h6 43.f6 Bf8
44.g5 hxg5 45.hxg5 Kb5 46.Bxd4 exd4 47.e5 Kc5 48.g6 Kc6 49.e6  1-0

[Event "EU-ch Rapid (Women)"]
[Site "Athens"]
[Date "1997.??.??"]
[Round "10"]
[White "Makropoulou, Marina"]
[Black "Jahn, Constanze"]
[Result "0-1"]
[WhiteElo "2290"]
[BlackElo "2180"]

1.e4 c5 2.Nf3 e6 3.d4 cxd4 4.Nxd4 a6 5.Bd3 Nc6 6.c3 d5 7.Nxc6 bxc6 8.O-O Nf6
9.exd5 cxd5 10.Bf4 Bd6 11.Qf3 Bxf4 12.Qxf4 O-O 13.Nd2 Bb7 14.Rfe1 Qb6 15.Rab1 Rad8
16.Nf3 Ne4 17.Qe3 Qa5 18.a3 Rfe8 19.Ng5 Nxg5 20.Qxg5 h6 21.Qh5 Qc7 22.Re3 e5
23.Bf5 d4 24.Rg3 Qc6 25.h3 dxc3 26.bxc3 Rd6 27.Rg4 Qc7  0-1

[Event "AUT-chT2W 9798"]
[Site "Austria"]
[Date "1997.??.??"]
[Round "2"]
[White "Lawitsch, Guenther"]
[Black "Ferrari, Josef"]
[Result "1-0"]
[WhiteElo "2300"]
[BlackElo "2125"]

1.e4 c5 2.Nf3 e6 3.d4 cxd4 4.Nxd4 a6 5.Bd3 d6 6.c4 Nc6 7.Nc2 Nf6 8.Qe2 Ne5
9.Nc3 Be7 10.O-O O-O 11.Rd1 Qc7 12.Bf4 Nfd7 13.Ne3 b6 14.Rac1 Nxd3 15.Qxd3 Ne5
16.Qe2 Bb7 17.b3 Rad8 18.Bg3 Bf6 19.h3 Ng6 20.f3 Be5 21.Bf2 Bxc3 22.Rxc3 d5
23.exd5 exd5 24.Rcc1 dxc4 25.Nxc4 Rxd1+ 26.Rxd1 b5 27.Nd6 Bc6 28.Qc2 Rd8
29.Qc5 Nf4 30.Qe5 Ne6 31.f4 Ba8 32.Rd2 Qc6 33.Be3 Nf8 34.Nf5 Qc1+ 35.Kh2 f6
36.Rxd8  1-0

[Event "Wch Seniors"]
[Site "Bad Wildbad"]
[Date "1997.??.??"]
[Round "4"]
[White "Klovans, Janis"]
[Black "Fronczek, Heinrich"]
[Result "1-0"]
[WhiteElo "2465"]
[BlackElo "2270"]

1.e4 c5 2.Nf3 e6 3.d4 cxd4 4.Nxd4 a6 5.Bd3 b5 6.O-O Bb7 7.Nd2 Qb6 8.N2b3 Nc6
9.Be3 Qc7 10.Nxc6 Bxc6 11.Nd4 Bb7 12.c4 b4 13.c5 Nf6 14.Rc1 Be7 15.Qf3 O-O
16.Bf4 Qa5 17.Bb1 Rfc8 18.Rfd1 Qa4 19.Nb3 a5 20.g4 Bf8 21.g5 Ne8 22.Qd3 Rd8
23.Nd4 Ba6 24.Qh3 b3 25.Qxb3 Qxb3 26.Nxb3 a4 27.Nd2 Rac8 28.Be3 d5 29.exd5 exd5
30.b4 axb3 31.Nxb3 Nc7 32.Bd3 Ra8 33.Rc2 Nb5 34.Bc1 Be7 35.h4 f6 36.Re1 Bf8
37.Bf1 d4 38.Bc4+ Kh8 39.gxf6 d3 40.Rd2 Nc3 41.Bxa6 Rxa6 42.Bb2 Nxa2 43.fxg7+ Bxg7
44.Rxd3 Rg6+ 45.Kf1 Rg8 46.Bxg7+ R6xg7 47.Rg3 Rxg3 48.fxg3 Rxg3 49.c6 Rc3
50.Nd4 Kg7 51.c7 Kf7 52.Nb5  1-0